000 00937nam a2200277Ia 4500
005 20220317000222.0
007 ta
008 141031s2014 ckck a0 0gspa d s sspa
020 _a9789584201386
040 _aCO-BoRNBP
_bspa
_erda
_cCO-BoRNBP
084 _aN SAI1
100 1 _aSaint-Exupery, Antoine de
_d1900-1944
245 1 3 _aEl principito
_cAntoine de Saint-Exupéry ; traducido por Bonifacio del Carril
250 _a13a. impresión
264 _aBogotá
_bEmecé
_c2014
300 _a109 páginas
_bilustraciones en color
_c18 cm
336 _atexto
_btxt
_2rdacontent
337 _asin mediación
_bn
_2rdamedia
338 _avolumen
_bnc
_2rdacarrier
650 1 4 _2LEMB
_aNovela francesa
_ySiglo XX
650 1 4 _2LEMB
_aLiteratura francesa
_ySiglo XX
650 1 4 _2LEMB
_aFantasía en la literatura
650 1 4 _2LEMB
_aPríncipes en la literatura
700 1 _aCarril, Bonifacio del
_etraductor
_9111973
942 _2loc
_cBKLIT
999 _c3431
_d3431